00947 a2200169 45000010006000000050017000060080041000230030015000640400040000790800039001192450072001582640043002303000019002735050276002921000027005688560182005951550420260407155450.0260407a1977 arg spa dAR-UNSa-BCEJYS aAR-UNSa-BCEJYSbspacAR-UNSa-BCEJYS a657.6xAuditoria (control interno)10aLa auditoría y el control interno en el sector público nacional 1aBuenos Aires :bEdiciones Macchic1977 a170 p.c22 cm. a1. Introducción - 2. Estudio preliminar - 3. Auditoría y control - 4. Normas de auditoría generalmente aceptadas - 5. Principios contables generalmente aceptados - 6. Informes especiales a organismos internacionales de crédito - 7. Conclusiones - 8. Formulaciones1 aBenzrihen, Jorge Isaac41uhttps://biblioeco.unsa.edu.ar/pmb/images/libros/La auditor?a y el control interno en el sector p?blico nacional Benzrihen, Jorge Isaac (1977).jpgyImagen de portadaqimage/jpeg